| 000 | 00532nam a2200181Ii 4500 | ||
|---|---|---|---|
| 003 | JO-AjNU | ||
| 008 | 230606s9999||||xx |||||||||||||| ||und|| | ||
| 040 |
_aJO-AjNU _beng _erda _cJO-AjNU |
||
| 041 | _aeng | ||
| 050 | 1 | 4 | _aBP605.R34.B5 1980 |
| 100 | 3 |
_aRajneesh , Bhagwan Shree, _eauthor _95555 |
|
| 245 | 0 | 4 | _aThe Mind of Bhagwan shree Rajneesh |
| 264 | 3 | 1 | _aBombay :Jaico Publishing House , 1980 |
| 300 | _a258p | ||
| 336 |
_atext _btxt _2rdacontent |
||
| 337 |
_aunmediated _bn _2rdamedia |
||
| 338 |
_avolume _bnc _2rdacarrier |
||
| 999 |
_aE2873 _c2871 _d2871 |
||